| 000 | 00584nam a2200193Ia 4500 | ||
|---|---|---|---|
| 003 | GCL | ||
| 008 | 140319s9999 xx 000 0 ara d | ||
| 040 |
_aGCL / _cGCL |
||
| 082 | 0 | 4 |
_a398.2 _bم د |
| 100 | 1 | _aمحمد الجوهرى | |
| 245 | 1 | 0 |
_aدراسة التراث الشعبى / _cمحمد الجوهرى |
| 300 | _a118 ص | ||
| 490 |
_aسلسلة مكتبة الاسرة _v0 |
||
| 650 | 0 | 4 | _aالتراث |
| 650 | 0 | 4 | _aالتراث الشعبى |
| 650 | 0 | 4 | _aالفولكلور الشعبى |
| 650 | 0 | 4 | _aالادب الشعبى - تاريخ ونقد |
| 942 |
_2ddc _cBK |
||
| 999 |
_c50168 _d50168 |
||